00442 2200181 4500001002100000008004100021035002000062245004600082100002100128250000600149260003700155300001200192084001400204082000800218650001000226990001200236990001200248INLIS000000000000832 ind  a0010-0524000067 aPerjalanan Menuju CahayacYudhi Herwibowo aHerwibowo, Yudhi a1 aYogyakarta :bSheila/ Andic2008 a200 hlm a813 YUD p a813 aFiksi a0741264 a0741265